Alone with the devil famous cases of a courtroom psychiatrist

Gorde:
Xehetasun bibliografikoak
Egile nagusia: MARKMAN, Ronald
Formatua: Liburua
Hizkuntza:ingelesa
Argitaratua: Doubleday 1989
Etiketak: Etiketa erantsi
Etiketarik gabe, Izan zaitez lehena erregistro honi etiketa jartzen!

MARC

LEADER 00000nam a22000007a 4500
008 201215b ||||| |||| 00| 0 eng d
020 |a ISBN: 978-038-524427-5 
100 |a MARKMAN, Ronald 
245 |a Alone with the devil  |b famous cases of a courtroom psychiatrist  |c Ronald Markman and Dominick Bosco  |g 308p.; ill 
260 |b  Doubleday  |c 1989  |h New York  |i 682240   |l RA1151 .M34  |m Forensic psychiatry – United States – Case studies  |m Insanity (Law) – United States 
942 |a lcc  |c BK  |e Olagoke,M A  |f 15/12/2020 
999 |c 288  |d 288